| 000 | 00663nam a22002057a 4500 | ||
|---|---|---|---|
| 003 | OSt | ||
| 005 | 20250522115618.0 | ||
| 008 | 201204b 2005 dr 00| 0 eng d | ||
| 040 |
_aDO-SdBNP _bspa _cBNPHU |
||
| 082 |
_aRD863.44 _bP438a |
||
| 100 | 1 |
_aPérez, Mario Emilio, _d1935- _922183 |
|
| 245 | 1 | 0 |
_aLas ambiciones de un joven político : _bnovela / _cMario Emilio Pérez. |
| 260 |
_aSanto Domingo : _bImpresora Soto Castillo, _c2005. |
||
| 300 |
_a157 p. ; _c21 cm. |
||
| 500 | _aIncluye datos del autor en la contracubierta. | ||
| 590 | _aInventariado, 2020 /LP | ||
| 650 | 0 |
_aNovela dominicana _9223 |
|
| 650 | 0 |
_aLiteratura dominicana. _967 |
|
| 942 |
_2ddc _cLBS1 |
||
| 999 |
_c49251 _d49251 |
||